|
|
|
|
| LEADER |
00000nam a2200000 a 4500 |
| 001 |
UCH0033 |
| 003 |
CL-VaPUC |
| 008 |
090108e20090000US |||||||||||||||||eng|d |
| 020 |
|
|
|a 9780131471399
|
| 082 |
0 |
4 |
|a 006.32
|b HAY
|2 21
|
| 100 |
|
|
|a Haykin, Simon S
|e author
|9 534103
|
| 245 |
1 |
0 |
|a Neural networks and learning machines
|
| 250 |
|
|
|a 3a. ed
|
| 300 |
|
|
|a 906 p
|
| 942 |
|
|
|c BK
|
| 945 |
|
|
|d 20090108 00:00:00
|a rbrito
|
| 260 |
|
|
|a Nueva York
|b Pearson
|c 2009
|
| 650 |
|
0 |
|a Redes neuronales
|9 497590
|
| 650 |
|
0 |
|a Algoritmos
|9 260639
|
| 650 |
|
0 |
|a Programación no lineal
|9 259385
|
| 650 |
|
0 |
|a Análisis de redes
|9 260875
|
| 650 |
|
0 |
|a Redes de computadores
|9 263293
|
| 650 |
|
7 |
|a NEURODINAMICA
|2 CL-VaPUC
|9 534104
|
| 650 |
|
7 |
|a METODOS ESTOCASTICOS
|2 CL-VaPUC
|9 384818
|
| 583 |
|
|
|a last modification
|c 20121217 10:05:10
|k Rodrigo Vera
|
| 999 |
|
|
|c 332439
|d 332437
|
| 952 |
|
|
|0 0
|1 0
|4 0
|6 006_320000000000000_HAY_2009
|7 0
|8 A
|9 420150
|a BIBING
|b BIBING
|d 2019-11-22
|i 451095K
|l 3
|m 4
|o 006.32 HAY 2009
|p 451095K
|r 2025-01-20
|s 2023-10-25
|w 2019-11-22
|y BK
|k EIE
|
| 952 |
|
|
|0 0
|1 0
|4 0
|6 006_320000000000000_HAY_2009
|7 0
|8 A
|9 420151
|a BIBING
|b BIBING
|d 2019-11-22
|i 4510968
|l 2
|o 006.32 HAY 2009
|p 4510968
|r 2025-03-26
|s 2025-03-20
|w 2019-11-22
|y BK
|k EIE
|